US biisin sanat Kääntäjän läpi FI -> EN - Statistics

Yleistilastot
  • Tätä visaa on pelattu 66 kertaa
  • Keskiarvotulos 4 / 15
Vastaustilastot
Hint Vastaus % Oikein
You ask me why I'm angryAnd I'm cursing from the window I have a little secret for you A naked man is new to me Rusketusraidat
80%
The girl cried for a moment and looked behind herWildly rang the sigh of the city How would you recognize this as your own country? The water was as black as time Lumi teki enkelin eteiseen
70%
Oh, if I could give you the most beautifulThis ball of my world is huge But I won't do that, a little moment is enough When I'm next to you, I can be like this Paratiisi
62%
But as soon as I come inI notice the guy is old At least what he claimed Plus ten more years Juha88
56%
The hall floor was sticky and fullDance and whatever the boundaries Dad, you had stolen a bottle from the cupboard Mint and marka money And when we kissed I believed in victory or death Che Guevara
40%
And my heart full of shards of glassAnd a thousand sorrows on my face And the heart pierced too many times Rakkautta ja piikkilankaa
16%
I don't understand you, you're weirdYou don't realize when I walk away I turn, and see that you are not staying You refuse to understand Lopeta
10%
When spring comes, the rut beginsIt's time for the clock to run out Until the end, really good luck Hyper restless, unable to sleep Friends, faces change every year Sometimes they get a boy in their arms Poika saunoo
10%
That voice oozes emotionNo wonder women sweat It fills the car radio Kun Kuuntelen Tomppaa
6%
The ear of the clef is lockedYou'll get the rhythm from me if you're lost Get up, move on your feet don't even imagine staying in the beginning Whatever you want to do, do it It's for those who keep moving Anna soida
4%
I've done thingsWho have nothing more precise than to be daggers Which were only meant to sink into you I would forgive if I didn't look weak Viisaus ei asu meissä
4%
You have to bear the scars aloneTo wrap in cloths, to heal He alone is going to carry Rocking through these nights Korkokengät
2%
Flips the pictures as if for funAnd you can see evil wherever you want Ugliness does not end with ugliness Everyone has their own to protect I'll turn around when I'm not bitter yet Linnansa vanki
2%
Whenever we meetI remember again where we came from What is right and important in us And who can I trust? Rikoskumppani
0%
the border is a line drawn in the water with which the yeast swells the doughreach as far as you can pay the debts of his stupidity Seireeni
0%
Ehtoja vastaavia visoja ei löytynyt
Tulosjakauma
Jokaisen tuloksen saaneiden osuus
Persentiili vastausten määrän mukaan
Tuloshistoriasi
Et ole pelannut tätä visaa